00605 2200217 4500001002100000005001700021008004100038035002400079082000800103090001500111100001600126245008400142250001100226260004400237300002500281650003300306850001200339980001500351985000600366999001500372YOGYA-0209000006195820090227040006.0 ind  0010-020900000061958 a813 a813bSch M aSCHUTLE,J.W aMy life as an Indiancby: J.W. Schultz; illustrated by: David Heemphreys Miller a1st.Ed aNew YorkbDueel, Sloan and Piareec1957 a151 hlmbilusc20 cm aKesasteraan Amerika - Cerita aYOPDYOG a03-03-2008 a1 aa000061372